Situación actual y perspectivas de la enseñanza de la demografía en México -versión preliminar- /
Gardado en:
| Autor Principal: | |
|---|---|
| Outros autores: | |
| Formato: | Texto |
| Publicado: |
San José:
PROLAP. CELADE
|
| Etiquetas: |
Engadir etiqueta
Sen Etiquetas, Sexa o primeiro en etiquetar este rexistro!
|
MARC
| LEADER | 00000 a a2200000 04500 | ||
|---|---|---|---|
| 001 | 21859 | ||
| 003 | |||
| 040 | |||
| 090 | |a 025700 | ||
| 100 | |a Lerner, Susana | ||
| 245 | |a Situación actual y perspectivas de la enseñanza de la demografía en México -versión preliminar- / |c Susana Lerner | ||
| 260 | |a San José: |b PROLAP. CELADE | ||
| 300 | |a 25 p. | ||
| 700 | |a López, Elsa | ||
| 999 | |c 11159 |d 11159 | ||
